000 00519nam a2200181Ia 4500
005 20250326143845.0
008 250326s9999 xx 000 0 und d
037 _aTextbook
040 _aFMSL
_beng
_cFMSL
041 _aeng
_2eng
084 _aB2893 K6;1
_qFMSL
100 _aBuchan J
_9110613
245 0 _aScientific inventory management
_cBuchan J; Koenigsberg E
260 _aNew Delhi
_bNew Delhi, Prentice-Hall
_c1966
300 _a523p
942 _cTB
_hB2893 K6;1
999 _c1301356
_d1301356